000 00295nam a22001097a 4500
082 _a512.9434 LEW'A
100 _aPRYCE, D. G,LEWIS, W. E
_978215
245 _aTHE APPLICATIONS OF MATRIX THEORY TO ELECTRICAL ENGINEERING
260 _aLONDON
_bE & F N SPOVE
_c1965
300 _a195P
942 _cBK
999 _c583373
_d583373